[Event "TN Mestres 2024-25"]
[Site "Pombal"]
[Date "2024.12.19"]
[Round "4.1"]
[White "Fidalgo, Andre Neves"]
[Black "Morais, Miguel"]
[Result "1/2-1/2"]
[LiveChessVersion "1.4.8"]
[BlackElo "2132"]
[WhiteElo "2220"]

1. d4 {[%clk 1:30:08]} d5 {[%clk 1:30:52]} 2. c4 {[%clk 1:30:32]} c6
{[%clk 1:31:17]} 3. Nc3 {[%clk 1:30:55]} Nf6 {[%clk 1:31:41]} 4. Nf3
{[%clk 1:31:20]} dxc4 {[%clk 1:31:51]} 5. a4 {[%clk 1:31:44]} Bf5
{[%clk 1:32:15]} 6. Ne5 {[%clk 1:32:08]} Nbd7 {[%clk 1:32:23]} 7. Nxc4
{[%clk 1:32:31]} Qc7 {[%clk 1:32:43]} 8. g3 {[%clk 1:31:31]} e5 {[%clk 1:32:44]}
9. dxe5 {[%clk 1:28:07]} Nxe5 {[%clk 1:33:05]} 10. Bf4 {[%clk 1:25:31]} Nfd7
{[%clk 1:32:45]} 11. Bg2 {[%clk 1:24:09]} g5 {[%clk 1:32:38]} 12. Ne3
{[%clk 1:14:38]} gxf4 {[%clk 1:32:21]} 13. Nxf5 {[%clk 1:14:59]} O-O-O
{[%clk 1:32:04]} 14. Qc2 {[%clk 0:37:38]} fxg3 {[%clk 1:31:01]} 15. hxg3
{[%clk 0:36:30]} Kb8 {[%clk 1:30:25]} 16. a5 {[%clk 0:35:18]} a6 {[%clk 1:15:23]}
17. O-O {[%clk 0:22:16]} h5 {[%clk 1:11:46]} 18. Rfc1 {[%clk 0:18:00]} Nf6
{[%clk 1:08:04]} 19. Ra4 {[%clk 0:17:14]} Neg4 {[%clk 0:48:02]} 20. Ne4
{[%clk 0:16:17]} Nd5 {[%clk 0:34:27]} 21. Nc5 {[%clk 0:15:58]} Bxc5
{[%clk 0:33:08]} 22. Qxc5 {[%clk 0:16:17]} Qe5 {[%clk 0:33:15]} 23. Nd4
{[%clk 0:14:05]} Rh6 {[%clk 0:29:19]} 24. e4 {[%clk 0:10:10]} Ne7
{[%clk 0:18:37]} 25. Bf3 {[%clk 0:04:11]} Rhd6 {[%clk 0:13:18]} 26. Bxg4
{[%clk 0:03:00]} Qxc5 {[%clk 0:12:57]} 27. Rxc5 {[%clk 0:03:22]} hxg4
{[%clk 0:12:08]} 28. Nf5 {[%clk 0:03:47]} Nxf5 {[%clk 0:08:58]} 29. Rxf5
{[%clk 0:03:07]} Rd1+ {[%clk 0:08:33]} 30. Kg2 {[%clk 0:03:31]} Rb1
{[%clk 0:08:57]} 31. e5 {[%clk 0:02:42]} Rxb2 {[%clk 0:08:53]} 32. Rxf7
{[%clk 0:02:43]} Re8 {[%clk 0:08:06]} 33. Re4 {[%clk 0:01:47]} c5
{[%clk 0:05:33]} 34. e6 {[%clk 0:00:43]} Rb4 {[%clk 0:05:41]} 35. Re3
{[%clk 0:00:33]} Rd4 {[%clk 0:00:48]} 36. Rf4 {[%clk 0:00:33]} Rd6
{[%clk 0:00:43]} 37. e7 {[%clk 0:00:54]} Kc7 {[%clk 0:00:51]} 38. Rxg4
{[%clk 0:00:58]} Rc6 {[%clk 0:00:34]} 39. f4 {[%clk 0:00:34]} c4 {[%clk 0:00:54]}
40. f5 {[%clk 0:00:36]} c3 {[%clk 0:00:44]} 41. Rxc3 {[%clk 0:00:32]} Rxc3
{[%clk 0:00:35]} 42. f6 {[%clk 0:00:56]} Kd7 {[%clk 0:00:45]} 43. f7
{[%clk 0:00:32]} Kxe7 {[%clk 0:01:13]} 44. fxe8=Q+ {[%clk 0:00:49]} Kxe8
{[%clk 0:01:38]} 45. Rb4 {[%clk 0:00:49]} Ra3 {[%clk 0:01:32]} 46. Rxb7
{[%clk 0:01:14]} Rxa5 {[%clk 0:01:58]} 47. Kh3 {[%clk 0:01:25]} Kf8
{[%clk 0:02:23]} 48. g4 {[%clk 0:01:51]} Kg8 {[%clk 0:02:48]} 49. Kh4
{[%clk 0:02:16]} Rb5 {[%clk 0:02:55]} 50. Ra7 {[%clk 0:02:41]} Rb6
{[%clk 0:03:14]} 51. g5 {[%clk 0:03:05]} Rc6 {[%clk 0:03:39]} 52. Kh5
{[%clk 0:03:29]} Rb6 {[%clk 0:03:56]} 53. Ra8+ {[%clk 0:02:33]} Kg7
{[%clk 0:04:17]} 54. Ra7+ {[%clk 0:02:56]} Kg8 {[%clk 0:04:44]} 55. Kg4
{[%clk 0:02:56]} Rc6 {[%clk 0:05:07]} 56. Kf5 {[%clk 0:02:43]} Rb6
{[%clk 0:05:31]} 57. g6 {[%clk 0:02:52]} Rb1 {[%clk 0:05:48]} 58. Rxa6
{[%clk 0:03:10]} Rf1+ {[%clk 0:06:12]} 59. Kg5 {[%clk 0:03:33]} Rg1+
{[%clk 0:06:37]} 60. Kf6 {[%clk 0:03:58]} Rf1+ {[%clk 0:07:02]} 1/2-1/2

[Event "TN Mestres 2024-25"]
[Site "Pombal"]
[Date "2024.12.19"]
[Round "4.2"]
[White "Margarido, Jose"]
[Black "Ferreira, Luis Pedro"]
[Result "0-1"]
[LiveChessVersion "1.4.8"]
[BlackElo "2166"]
[WhiteElo "2152"]

1. c4 {[%clk 1:29:09]} e5 {[%clk 1:28:58]} 2. Nc3 {[%clk 1:29:35]} Nc6
{[%clk 1:27:55]} 3. Nf3 {[%clk 1:30:02]} Nf6 {[%clk 1:27:35]} 4. g3
{[%clk 1:30:20]} Bc5 {[%clk 1:26:28]} 5. Bg2 {[%clk 1:30:29]} d6 {[%clk 1:25:10]}
6. O-O {[%clk 1:30:24]} O-O {[%clk 1:23:24]} 7. d3 {[%clk 1:30:52]} a5
{[%clk 1:22:49]} 8. h3 {[%clk 1:29:46]} h6 {[%clk 1:22:44]} 9. b3
{[%clk 1:27:25]} Nd4 {[%clk 1:20:16]} 10. Ne1 {[%clk 1:23:58]} c6
{[%clk 1:19:27]} 11. e3 {[%clk 1:23:43]} Ne6 {[%clk 1:19:32]} 12. Bb2
{[%clk 1:08:49]} Re8 {[%clk 1:18:35]} 13. Nf3 {[%clk 1:02:28]} Ba7
{[%clk 1:15:50]} 14. Kh2 {[%clk 1:01:12]} Ng5 {[%clk 1:08:56]} 15. Rc1
{[%clk 0:56:47]} Nxf3+ {[%clk 0:58:09]} 16. Qxf3 {[%clk 0:55:35]} Be6
{[%clk 0:57:07]} 17. Qe2 {[%clk 0:50:05]} Qd7 {[%clk 0:48:29]} 18. Ne4
{[%clk 0:44:40]} Nxe4 {[%clk 0:47:36]} 19. dxe4 {[%clk 0:45:07]} Bc5
{[%clk 0:48:01]} 20. f4 {[%clk 0:42:34]} f6 {[%clk 0:48:02]} 21. Bc3
{[%clk 0:36:35]} Bf7 {[%clk 0:41:05]} 22. g4 {[%clk 0:27:25]} Qe7
{[%clk 0:37:57]} 23. f5 {[%clk 0:27:10]} Reb8 {[%clk 0:29:26]} 24. h4
{[%clk 0:25:13]} b5 {[%clk 0:29:34]} 25. Bf3 {[%clk 0:18:28]} bxc4
{[%clk 0:27:00]} 26. bxc4 {[%clk 0:18:50]} Qa7 {[%clk 0:27:03]} 27. Rfe1
{[%clk 0:14:03]} Bb4 {[%clk 0:20:09]} 28. g5 {[%clk 0:12:43]} hxg5
{[%clk 0:19:24]} 29. hxg5 {[%clk 0:13:12]} Kf8 {[%clk 0:19:39]} 30. Rg1
{[%clk 0:12:30]} Bxc3 {[%clk 0:18:13]} 31. Rxc3 {[%clk 0:12:59]} a4
{[%clk 0:18:35]} 32. Rc2 {[%clk 0:10:33]} a3 {[%clk 0:16:44]} 33. Rg2
{[%clk 0:06:49]} Rb1 {[%clk 0:15:04]} 34. Bh5 {[%clk 0:05:51]} Rab8
{[%clk 0:12:37]} 35. Qg4 {[%clk 0:04:22]} Bxh5 {[%clk 0:11:26]} 36. Qxh5
{[%clk 0:04:49]} Qf7 {[%clk 0:11:51]} 37. g6 {[%clk 0:03:51]} Qg8
{[%clk 0:12:14]} 38. Kg3 {[%clk 0:03:58]} Ke7 {[%clk 0:12:23]} 39. Qe2
{[%clk 0:03:22]} Qd8 {[%clk 0:08:55]} 40. Rh2 {[%clk 0:01:50]} Qa5
{[%clk 0:08:56]} 41. Rh7 {[%clk 0:00:55]} Rg8 {[%clk 0:02:44]} 42. Kf3
{[%clk 0:01:24]} Qb4 {[%clk 0:02:21]} 43. c5 {[%clk 0:01:16]} d5 {[%clk 0:02:36]}
44. exd5 {[%clk 0:00:40]} cxd5 {[%clk 0:03:00]} 45. c6 {[%clk 0:00:35]} Qe4+
{[%clk 0:03:16]} 46. Kf2 {[%clk 0:00:33]} Qxf5+ {[%clk 0:03:37]} 47. Kg3
{[%clk 0:00:34]} Qxg6+ {[%clk 0:03:54]} 48. Qg4 {[%clk 0:00:50]} Rg1+
{[%clk 0:04:20]} 0-1

[Event "TN Mestres 2024-25"]
[Site "Pombal"]
[Date "2024.12.19"]
[Round "4.3"]
[White "Goncalves, Samuel"]
[Black "Ribeiro, Gustavo"]
[Result "1/2-1/2"]
[LiveChessVersion "1.4.8"]
[BlackElo "2241"]
[WhiteElo "2301"]

1. e4 {[%clk 1:30:57]} e5 {[%clk 1:30:56]} 2. Nf3 {[%clk 1:31:17]} Nc6
{[%clk 1:31:24]} 3. Bc4 {[%clk 1:31:38]} Nf6 {[%clk 1:31:50]} 4. d3
{[%clk 1:31:59]} Bc5 {[%clk 1:32:16]} 5. c3 {[%clk 1:32:17]} a5 {[%clk 1:32:42]}
6. O-O {[%clk 1:31:33]} d6 {[%clk 1:33:06]} 7. Re1 {[%clk 1:23:39]} O-O
{[%clk 1:32:18]} 8. h3 {[%clk 1:23:44]} h6 {[%clk 1:32:38]} 9. Bb3
{[%clk 1:22:31]} Re8 {[%clk 1:32:55]} 10. Nbd2 {[%clk 1:17:41]} Ba7
{[%clk 1:28:16]} 11. a4 {[%clk 0:57:41]} g5 {[%clk 1:15:51]} 12. Nh2
{[%clk 0:53:25]} Be6 {[%clk 1:11:52]} 13. Ndf1 {[%clk 0:48:03]} Kg7
{[%clk 1:05:09]} 14. Bc2 {[%clk 0:46:02]} d5 {[%clk 1:01:50]} 15. Qf3
{[%clk 0:46:16]} Qd7 {[%clk 0:58:51]} 16. Ng3 {[%clk 0:42:07]} d4
{[%clk 0:58:13]} 17. h4 {[%clk 0:30:01]} g4 {[%clk 0:55:32]} 18. Qe2
{[%clk 0:30:18]} Ne7 {[%clk 0:54:55]} 19. h5 {[%clk 0:29:31]} Rh8
{[%clk 0:54:43]} 20. c4 {[%clk 0:26:30]} Rag8 {[%clk 0:41:12]} 21. f4
{[%clk 0:24:45]} Nc6 {[%clk 0:41:25]} 22. Rf1 {[%clk 0:16:05]} Qd6
{[%clk 0:36:53]} 23. Qf2 {[%clk 0:14:23]} Nd7 {[%clk 0:33:53]} 24. Bd1
{[%clk 0:06:47]} exf4 {[%clk 0:31:27]} 25. Bxf4 {[%clk 0:07:02]} Nce5
{[%clk 0:31:54]} 26. Be2 {[%clk 0:04:20]} Kh7 {[%clk 0:31:40]} 27. Bd2
{[%clk 0:04:16]} Nf3+ {[%clk 0:31:41]} 28. gxf3 {[%clk 0:02:40]} gxf3
{[%clk 0:32:05]} 29. Bxf3 {[%clk 0:02:34]} Rxg3+ {[%clk 0:32:07]} 30. Kh1
{[%clk 0:02:01]} Rhg8 {[%clk 0:32:17]} 31. e5 {[%clk 0:02:05]} Qxe5
{[%clk 0:31:41]} 32. Rae1 {[%clk 0:01:45]} Qc5 {[%clk 0:26:23]} 33. Be4+
{[%clk 0:01:46]} Kh8 {[%clk 0:26:29]} 34. Bf4 {[%clk 0:01:24]} Rh3
{[%clk 0:24:29]} 35. Bg2 {[%clk 0:01:14]} Rxh5 {[%clk 0:24:26]} 36. Bf3
{[%clk 0:00:52]} Rh3 {[%clk 0:24:02]} 37. Bg2 {[%clk 0:00:47]} Rh5
{[%clk 0:23:15]} 38. Bf3 {[%clk 0:00:41]} Rh3 {[%clk 0:21:41]} 39. Bg2
{[%clk 0:00:48]} 1/2-1/2

[Event "TN Mestres 2024-25"]
[Site "Pombal"]
[Date "2024.12.19"]
[Round "4.4"]
[White "Ryabukhin, Roman"]
[Black "Ribeiro, Rodrigo"]
[Result "1-0"]
[LiveChessVersion "1.4.8"]
[BlackElo "2143"]
[WhiteElo "2286"]

1. e4 {[%clk 1:28:39]} c5 {[%clk 1:30:55]} 2. Nf3 {[%clk 1:29:06]} e6
{[%clk 1:31:23]} 3. d4 {[%clk 1:29:32]} cxd4 4. Nxd4 {[%clk 1:29:56]} a6
{[%clk 1:32:20]} 5. c4 {[%clk 1:30:20]} Nf6 {[%clk 1:32:46]} 6. Nc3
{[%clk 1:30:46]} Bb4 {[%clk 1:32:41]} 7. Qd3 {[%clk 1:31:04]} Nc6
{[%clk 1:29:17]} 8. Nxc6 {[%clk 1:31:04]} dxc6 {[%clk 1:29:17]} 9. Qxd8+
{[%clk 1:31:04]} Kxd8 {[%clk 1:29:17]} 10. f3 {[%clk 1:31:04]} e5
{[%clk 1:29:17]} 11. Be3 {[%clk 1:31:04]} Nd7 {[%clk 1:29:17]} 12. O-O-O
{[%clk 1:31:04]} Ke7 {[%clk 1:29:17]} 13. a3 {[%clk 1:31:04]} Bd6
{[%clk 1:29:17]} 14. Na4 {[%clk 1:07:27]} Bc7 {[%clk 1:14:20]} 15. c5
{[%clk 1:07:04]} Rd8 {[%clk 1:14:11]} 16. Bc4 Nf8 {[%clk 1:08:06]} 17. Rxd8
{[%clk 0:58:30]} Bxd8 {[%clk 1:08:21]} 18. g3 {[%clk 0:55:58]} Be6 19. b3 Bc7
{[%clk 1:03:15]} 20. Kc2 {[%clk 0:53:02]} Rd8 {[%clk 1:03:24]} 21. Nc3
{[%clk 0:48:44]} Bxc4 {[%clk 0:53:09]} 22. bxc4 {[%clk 0:49:11]} Rd7
{[%clk 0:53:32]} 23. Rb1 {[%clk 0:48:22]} Bb8 {[%clk 0:53:58]} 24. f4
{[%clk 0:48:28]} exf4 {[%clk 0:52:32]} 25. gxf4 {[%clk 0:48:09]} Ng6
{[%clk 0:52:44]} 26. Rf1 {[%clk 0:47:24]} Kf6 {[%clk 0:47:50]} 27. Ne2
{[%clk 0:46:04]} Nf8 {[%clk 0:46:35]} 28. h4 {[%clk 0:39:04]} Ke7
{[%clk 0:43:19]} 29. h5 {[%clk 0:39:04]} f6 {[%clk 0:43:19]} 30. h6
{[%clk 0:39:04]} g6 {[%clk 0:43:19]} 31. Rb1 {[%clk 0:39:04]} Kd8
{[%clk 0:43:19]} 32. Bd4 {[%clk 0:39:04]} Rf7 {[%clk 0:43:19]} 33. f5
{[%clk 0:18:52]} g5 {[%clk 0:24:53]} 34. Nc1 {[%clk 0:16:33]} Kc8
{[%clk 0:22:37]} 35. Nd3 {[%clk 0:16:43]} Nd7 {[%clk 0:23:02]} 36. Re1
{[%clk 0:05:45]} Re7 {[%clk 0:19:08]} 37. Re2 {[%clk 0:02:19]} Ne5
{[%clk 0:15:15]} 38. Nf2 {[%clk 0:02:39]} Rd7 {[%clk 0:14:45]} 39. Bxe5
{[%clk 0:02:29]} Bxe5 {[%clk 0:15:12]} 40. Ng4 {[%clk 0:02:38]} Bd4
{[%clk 0:14:40]} 41. Rd2 {[%clk 0:02:06]} Kd8 {[%clk 0:14:30]} 42. Rd3
{[%clk 0:01:05]} Ke7 {[%clk 0:14:53]} 43. Rd1 {[%clk 0:01:05]} Rd8
{[%clk 0:10:08]} 44. a4 {[%clk 0:01:31]} a5 {[%clk 0:09:21]} 45. Rd3
{[%clk 0:01:11]} Rd7 46. Rd1 Rd8 {[%clk 0:03:19]} 47. Rb1 {[%clk 0:00:59]} Rd7
{[%clk 0:03:43]} 48. Rb3 {[%clk 0:00:57]} Bxc5 {[%clk 0:01:12]} 49. e5
{[%clk 0:01:23]} fxe5 {[%clk 0:01:30]} 50. Nxe5 {[%clk 0:01:39]} Rc7
{[%clk 0:01:26]} 51. Rd3 {[%clk 0:01:47]} Bd6 {[%clk 0:01:22]} 52. Ng6+
{[%clk 0:01:35]} hxg6 {[%clk 0:00:41]} 53. fxg6 {[%clk 0:01:11]} Be5
{[%clk 0:00:47]} 54. Re3 {[%clk 0:01:04]} Kf6 {[%clk 0:00:38]} 55. g7
{[%clk 0:01:32]} Rc8 {[%clk 0:00:32]} 56. Rxe5 {[%clk 0:02:01]} Kg6
{[%clk 0:00:32]} 57. Rxg5+ {[%clk 0:02:01]} Kh7 {[%clk 0:00:32]} 58. c5
{[%clk 0:01:53]} Rg8 {[%clk 0:01:06]} 59. Rh5 {[%clk 0:01:25]} Rd8
{[%clk 0:00:40]} 60. Rf5 {[%clk 0:01:44]} Kg8 {[%clk 0:00:37]} 61. Kc3
{[%clk 0:01:54]} Rb8 {[%clk 0:00:39]} 62. Rf8+ {[%clk 0:02:03]} Rxf8
{[%clk 0:01:05]} 63. gxf8=Q+ {[%clk 0:02:28]} Kxf8 {[%clk 0:01:32]} 64. Kd4
{[%clk 0:02:52]} Kf7 {[%clk 0:01:44]} 65. Ke5 {[%clk 0:02:52]} Kg6 66. Kd6 1-0

[Event "TN Mestres 2024-25"]
[Site "Pombal"]
[Date "2024.12.19"]
[Round "4.5"]
[White "Padeiro, Jose"]
[Black "Reis, Luis Sousa"]
[Result "1-0"]
[LiveChessVersion "1.4.8"]
[BlackElo "2164"]
[WhiteElo "2122"]

1. c4 {[%clk 1:30:57]} e5 {[%clk 1:24:24]} 2. g3 {[%clk 1:31:21]} Nf6
{[%clk 1:22:59]} 3. Bg2 {[%clk 1:31:45]} h6 {[%clk 1:21:52]} 4. Nc3
{[%clk 1:30:52]} Bb4 {[%clk 1:21:59]} 5. Qc2 {[%clk 1:24:21]} c6 {[%clk 0:56:42]}
6. a3 {[%clk 1:22:58]} Be7 {[%clk 0:47:49]} 7. Nf3 {[%clk 1:21:49]} Qc7
{[%clk 0:46:34]} 8. d4 {[%clk 1:21:41]} d6 {[%clk 0:45:01]} 9. h3
{[%clk 1:17:11]} O-O {[%clk 0:42:47]} 10. O-O {[%clk 1:17:03]} Re8
{[%clk 0:40:09]} 11. e4 {[%clk 1:16:32]} Nbd7 {[%clk 0:37:40]} 12. Be3
{[%clk 1:14:50]} a6 {[%clk 0:33:55]} 13. d5 {[%clk 1:11:36]} c5 {[%clk 0:31:43]}
14. a4 {[%clk 1:11:42]} a5 {[%clk 0:27:41]} 15. Ne1 {[%clk 1:11:52]} Nf8
{[%clk 0:20:12]} 16. Nd3 {[%clk 1:10:19]} Ng6 {[%clk 0:19:39]} 17. Rae1
{[%clk 1:04:47]} Nh7 {[%clk 0:19:35]} 18. h4 {[%clk 0:58:41]} f5 {[%clk 0:17:08]}
19. f4 {[%clk 0:54:55]} exf4 {[%clk 0:14:19]} 20. Nxf4 {[%clk 0:54:48]} Ne5
{[%clk 0:12:42]} 21. Nb5 {[%clk 0:53:59]} 1-0

[Event "TN Mestres 2024-25"]
[Site "Pombal"]
[Date "2024.12.19"]
[Round "4.6"]
[White "Valente, Sofia"]
[Black "Bras, Hugo"]
[Result "0-1"]
[LiveChessVersion "1.4.8"]
[BlackElo "1863"]
[WhiteElo "1949"]

1. e4 {[%clk 1:30:32]} e5 {[%clk 1:29:40]} 2. Nf3 {[%clk 1:30:53]} Nc6
{[%clk 1:30:07]} 3. Bc4 {[%clk 1:31:09]} Nf6 {[%clk 1:30:31]} 4. Ng5
{[%clk 1:31:26]} d5 {[%clk 1:30:48]} 5. exd5 {[%clk 1:31:51]} Na5
{[%clk 1:31:12]} 6. Bb5+ {[%clk 1:32:10]} c6 {[%clk 1:31:36]} 7. dxc6
{[%clk 1:32:34]} bxc6 {[%clk 1:32:02]} 8. Bd3 {[%clk 1:32:48]} h6
{[%clk 1:28:43]} 9. Ne4 {[%clk 1:32:18]} Nd5 {[%clk 1:29:03]} 10. O-O
{[%clk 1:28:22]} Be7 {[%clk 1:29:25]} 11. a3 {[%clk 1:21:20]} O-O
{[%clk 1:28:56]} 12. b4 {[%clk 1:18:05]} Nb7 {[%clk 1:29:13]} 13. Re1
{[%clk 1:09:47]} f5 {[%clk 1:28:20]} 14. Nec3 {[%clk 1:01:45]} e4
{[%clk 1:24:53]} 15. Nxe4 {[%clk 0:58:33]} fxe4 {[%clk 1:23:29]} 16. Bxe4
{[%clk 0:57:36]} Nd6 {[%clk 1:23:36]} 17. Bf3 {[%clk 0:47:19]} Bf6
{[%clk 1:23:03]} 18. c3 {[%clk 0:46:21]} Nf7 {[%clk 1:22:43]} 19. d4
{[%clk 0:45:50]} Bf5 {[%clk 1:19:21]} 20. Qb3 {[%clk 0:41:26]} Kh8
{[%clk 1:18:07]} 21. Be3 {[%clk 0:39:01]} Ng5 {[%clk 1:18:05]} 22. Nd2
{[%clk 0:36:09]} Nxf3+ {[%clk 1:16:04]} 23. Nxf3 {[%clk 0:36:28]} Qc7
{[%clk 1:11:22]} 24. c4 {[%clk 0:35:21]} Ne7 {[%clk 1:10:50]} 25. Ne5
{[%clk 0:31:06]} Ng6 {[%clk 1:00:47]} 26. f4 {[%clk 0:30:33]} Ne7
{[%clk 0:38:57]} 27. Bf2 {[%clk 0:28:56]} Rad8 {[%clk 0:34:49]} 28. Rad1
{[%clk 0:27:33]} Be6 {[%clk 0:30:33]} 29. h3 {[%clk 0:26:19]} Qc8
{[%clk 0:30:16]} 30. g4 {[%clk 0:25:57]} Bxe5 {[%clk 0:30:35]} 31. fxe5
{[%clk 0:22:30]} Rf7 {[%clk 0:27:49]} 32. Kg2 {[%clk 0:17:46]} Rdf8
{[%clk 0:27:51]} 33. Bg3 {[%clk 0:17:02]} Ng6 {[%clk 0:27:54]} 34. a4
{[%clk 0:16:35]} Bxg4 {[%clk 0:17:29]} 35. hxg4 {[%clk 0:15:03]} Qxg4
{[%clk 0:17:11]} 36. Kg1 {[%clk 0:13:15]} Rf3 {[%clk 0:16:58]} 37. Qc2
{[%clk 0:13:01]} Rxg3+ {[%clk 0:17:05]} 38. Kh1 {[%clk 0:13:22]} Rh3+
{[%clk 0:17:18]} 0-1

[Event "TN Mestres 2024-25"]
[Site "Pombal"]
[Date "2024.12.19"]
[Round "4.7"]
[White "Barrento, Jorge"]
[Black "Ermida, Ricardo"]
[Result "1/2-1/2"]
[LiveChessVersion "1.4.8"]
[BlackElo "1858"]
[WhiteElo "1790"]

1. e4 {[%clk 1:30:27]} c6 {[%clk 1:30:51]} 2. d4 {[%clk 1:30:16]} d5
{[%clk 1:31:15]} 3. exd5 {[%clk 1:29:19]} cxd5 {[%clk 1:31:36]} 4. c4
{[%clk 1:29:45]} Nf6 {[%clk 1:31:33]} 5. Nc3 {[%clk 1:29:46]} Nc6
{[%clk 1:31:53]} 6. Nf3 {[%clk 1:27:34]} a6 {[%clk 1:30:34]} 7. cxd5
{[%clk 1:24:55]} Nxd5 {[%clk 1:30:55]} 8. Bc4 {[%clk 1:23:53]} Be6
{[%clk 1:25:46]} 9. Bb3 {[%clk 1:15:45]} Nxc3 {[%clk 1:14:26]} 10. bxc3
{[%clk 1:16:03]} Bxb3 {[%clk 1:14:44]} 11. axb3 {[%clk 1:14:23]} e6
{[%clk 1:14:54]} 12. O-O {[%clk 1:13:19]} Be7 {[%clk 1:15:14]} 13. Re1
{[%clk 1:07:41]} O-O {[%clk 1:15:35]} 14. Ba3 {[%clk 1:05:14]} Bxa3
{[%clk 1:10:30]} 15. Rxa3 {[%clk 1:05:05]} Qd6 {[%clk 1:10:54]} 16. Ra1
{[%clk 1:04:10]} Rfd8 {[%clk 1:11:14]} 17. Qe2 {[%clk 0:57:25]} Rac8
{[%clk 1:06:25]} 18. Rec1 {[%clk 0:51:47]} h6 {[%clk 1:03:43]} 19. h3
{[%clk 0:48:03]} Rc7 {[%clk 1:04:06]} 20. Rab1 {[%clk 0:46:46]} Rdc8
{[%clk 0:56:04]} 21. Rd1 {[%clk 0:43:28]} Na5 {[%clk 0:41:39]} 22. c4
{[%clk 0:40:43]} Qb4 {[%clk 0:37:59]} 23. d5 {[%clk 0:36:57]} Re7
{[%clk 0:36:52]} 24. Qd2 {[%clk 0:32:17]} Qxd2 {[%clk 0:31:19]} 1/2-1/2

[Event "TN Mestres 2024-25"]
[Site "Pombal"]
[Date "2024.12.19"]
[Round "4.8"]
[White "Dias, Carlos Oliveira"]
[Black "Martins, Diogo"]
[Result "1/2-1/2"]
[LiveChessVersion "1.4.8"]
[BlackElo "1961"]
[WhiteElo "1870"]

1. Nf3 g6 {[%clk 1:30:54]} 2. e4 {[%clk 1:31:04]} c5 {[%clk 1:31:19]} 3. c3
{[%clk 1:31:15]} Bg7 {[%clk 1:32:08]} 4. d4 {[%clk 1:31:15]} cxd4
{[%clk 1:32:08]} 5. cxd4 {[%clk 1:31:38]} d5 {[%clk 1:32:32]} 6. e5
{[%clk 1:32:03]} Bg4 {[%clk 1:32:56]} 7. Bb5+ Nd7 {[%clk 1:32:44]} 8. Bxd7+
{[%clk 1:30:25]} Qxd7 9. O-O {[%clk 1:30:16]} e6 {[%clk 1:33:01]} 10. Nbd2 Ne7
{[%clk 1:33:24]} 11. h3 {[%clk 1:30:04]} Bxf3 {[%clk 1:33:47]} 12. Nxf3
{[%clk 1:30:21]} O-O {[%clk 1:34:05]} 13. Be3 {[%clk 1:29:18]} Rac8
{[%clk 1:33:27]} 14. Qd2 {[%clk 1:28:50]} Rc6 {[%clk 1:31:50]} 15. Rac1
{[%clk 1:28:25]} Rfc8 {[%clk 1:32:01]} 16. Rxc6 {[%clk 1:28:28]} Rxc6
{[%clk 1:25:59]} 17. Rc1 {[%clk 1:25:54]} h5 18. Rxc6 {[%clk 1:24:14]} Qxc6
{[%clk 1:26:02]} 19. Qc1 {[%clk 1:07:35]} Qxc1+ {[%clk 1:24:22]} 20. Bxc1 Nc6
{[%clk 1:24:18]} 21. Bd2 {[%clk 1:06:25]} f6 22. exf6 {[%clk 1:02:03]} Bxf6
{[%clk 1:24:39]} 23. Bc3 b5 {[%clk 1:24:20]} 24. b4 {[%clk 1:00:36]} Kf7 25. Kf1
{[%clk 0:58:22]} Ne7 {[%clk 1:24:32]} 26. g4 {[%clk 0:55:03]} hxg4
{[%clk 1:23:58]} 27. hxg4 {[%clk 0:55:21]} Nc8 {[%clk 1:24:21]} 28. g5
{[%clk 0:54:11]} Bg7 {[%clk 1:24:40]} 29. Ne5+ {[%clk 0:53:47]} Bxe5
{[%clk 1:25:01]} 30. dxe5 {[%clk 0:54:11]} Ne7 {[%clk 1:25:00]} 31. Ke2
{[%clk 0:53:16]} Nc6 {[%clk 1:24:24]} 32. Kd3 a6 {[%clk 1:24:54]} 33. a3
{[%clk 0:53:06]} Ke8 {[%clk 1:24:41]} 34. f3 {[%clk 0:41:49]} Kd7
{[%clk 1:20:53]} 35. Bd4 {[%clk 0:40:15]} a5 36. Bc3 axb4 {[%clk 1:16:35]} 37.
axb4 {[%clk 0:40:18]} d4 38. Bd2 {[%clk 0:27:28]} Nxe5+ {[%clk 1:17:02]} 39. Ke4
Nc6 {[%clk 1:10:24]} 40. f4 {[%clk 0:23:23]} Kd6 {[%clk 1:06:50]} 41. Be1
{[%clk 0:23:40]} d3 {[%clk 1:04:21]} 42. Kxd3 {[%clk 0:21:59]} Kd5
{[%clk 1:03:45]} 43. Bc3 {[%clk 0:20:00]} Ne7 {[%clk 1:03:18]} 44. Bd4 Nf5
{[%clk 1:03:34]} 45. Bf2 {[%clk 0:18:07]} Nd6 {[%clk 1:02:03]} 46. Be3
{[%clk 0:09:50]} Nc4 {[%clk 0:58:40]} 47. Bd4 {[%clk 0:09:48]} Nd2 48. Bf6
{[%clk 0:09:40]} Ne4 {[%clk 0:58:23]} 49. Ke3 {[%clk 0:09:21]} Ng3 50. Kd3 Nf5
{[%clk 0:57:22]} 51. Be5 {[%clk 0:09:32]} Ne7 {[%clk 0:57:52]} 52. Bf6
{[%clk 0:08:58]} Nc6 {[%clk 0:58:11]} 53. Bc3 {[%clk 0:08:53]} Nd8 54. Be5
{[%clk 0:08:24]} Nf7 {[%clk 0:58:35]} 55. Bf6 {[%clk 0:08:36]} Nd6
{[%clk 0:57:42]} 56. Bh8 {[%clk 0:08:41]} Ne4 {[%clk 0:57:49]} 57. Bf6
{[%clk 0:07:52]} Nf2+ 58. Ke2 Ne4 {[%clk 0:56:33]} 59. Kd3 {[%clk 0:08:02]} Nd6
{[%clk 0:56:56]} 60. Bh8 {[%clk 0:08:03]} Nf7 {[%clk 0:57:11]} 61. Bf6 e5
{[%clk 0:57:56]} 62. fxe5 {[%clk 0:05:42]} Nxe5+ {[%clk 0:58:20]} 63. Bxe5
{[%clk 0:05:10]} Kxe5 64. Ke3 {[%clk 0:05:14]} Kd5 {[%clk 0:57:20]} 65. Kd3
{[%clk 0:05:34]} Ke5 {[%clk 0:57:30]} 66. Ke3 Kf5 67. Kd4 {[%clk 0:05:19]} Kxg5
{[%clk 0:57:51]} 68. Kc5 {[%clk 0:05:43]} Kf6 {[%clk 0:58:16]} 69. Kxb5
{[%clk 0:06:05]} g5 {[%clk 0:58:42]} 70. Kc6 {[%clk 0:06:11]} g4 {[%clk 0:58:58]}
71. b5 {[%clk 0:06:33]} g3 {[%clk 0:59:25]} 72. b6 {[%clk 0:06:55]} g2
{[%clk 0:59:51]} 73. b7 {[%clk 0:07:27]} g1=Q {[%clk 1:00:11]} 74. b8=Q
{[%clk 0:07:27]} Qg2+ {[%clk 1:00:11]} 75. Kb6 {[%clk 0:07:00]} Qb2+
{[%clk 1:00:45]} 76. Kc7 {[%clk 0:08:02]} 1/2-1/2

[Event "TN Mestres 2024-25"]
[Site "Pombal"]
[Date "2024.12.19"]
[Round "4.9"]
[White "Gaboleiro, Guilherme"]
[Black "Silva, Reinaldo"]
[Result "1/2-1/2"]
[LiveChessVersion "1.4.8"]
[BlackElo "1801"]
[WhiteElo "1837"]

1. e4 {[%clk 1:15:23]} d5 {[%clk 1:30:55]} 2. exd5 {[%clk 1:15:39]} Qxd5
{[%clk 1:31:19]} 3. Nc3 {[%clk 1:12:42]} Qd6 {[%clk 1:31:29]} 4. Nf3
{[%clk 1:12:46]} Nf6 {[%clk 1:31:49]} 5. Be2 {[%clk 1:12:40]} a6 {[%clk 1:32:13]}
6. d3 {[%clk 1:13:01]} g6 {[%clk 1:32:30]} 7. Ne4 {[%clk 1:11:34]} Nxe4
{[%clk 1:31:37]} 8. dxe4 {[%clk 1:11:58]} Nc6 {[%clk 1:30:12]} 9. Qxd6
{[%clk 1:11:11]} cxd6 {[%clk 1:30:32]} 10. c3 {[%clk 1:11:18]} Bg7
{[%clk 1:30:30]} 11. O-O {[%clk 1:11:28]} b5 {[%clk 1:28:53]} 12. a4
{[%clk 1:10:08]} b4 {[%clk 1:27:40]} 13. cxb4 {[%clk 1:09:52]} Nxb4
{[%clk 1:24:55]} 14. Bd2 {[%clk 1:10:05]} Rb8 {[%clk 1:19:23]} 15. Rac1
{[%clk 1:07:46]} O-O {[%clk 1:18:06]} 16. Rc7 {[%clk 1:03:32]} d5
{[%clk 1:04:31]} 17. e5 {[%clk 0:43:43]} Bg4 {[%clk 0:42:27]} 18. Rxe7
{[%clk 0:40:11]} Nc6 {[%clk 0:41:59]} 19. Rc7 {[%clk 0:39:54]} Nxe5
{[%clk 0:41:28]} 20. Bc3 {[%clk 0:38:03]} Bxf3 {[%clk 0:37:06]} 21. gxf3
{[%clk 0:37:19]} d4 {[%clk 0:37:21]} 22. Bxd4 1/2-1/2